Welcome to CU Library Online Public Access Catalogue (OPAC)

Classic Researchers in Organic Chemistry/ (Record no. 1879)

MARC details
000 -LEADER
fixed length control field 00528nam a22001697a 4500
003 - CONTROL NUMBER IDENTIFIER
control field OSt
005 - DATE AND TIME OF LATEST TRANSACTION
control field 20241130160949.0
008 - FIXED-LENGTH DATA ELEMENTS--GENERAL INFORMATION
fixed length control field 241130b |||||||| |||| 00| 0 eng d
040 ## -
-- .
050 ## - LIBRARY OF CONGRESS CALL NUMBER
Classification number QD476
Item number .B4
100 ## - MAIN ENTRY--PERSONAL NAME
Personal name Benfey, O. Theodor
245 ## - TITLE STATEMENT
Title Classic Researchers in Organic Chemistry/
Remainder of title from vital force to structural formulas
Statement of responsibility, etc. O. Theodor Benfey, series editor Harold Hart
260 ## - PUBLICATION, DISTRIBUTION, ETC.
Place of publication, distribution, etc. Boston
Name of publisher, distributor, etc. Houghton Mifflin Company
Date of publication, distribution, etc. 1964
300 ## - PHYSICAL DESCRIPTION
Extent xi.115p.
Other physical details ill.
Dimensions 22.5cm
700 ## - ADDED ENTRY--PERSONAL NAME
Personal name Hart, Harold
942 ## - ADDED ENTRY ELEMENTS (KOHA)
Source of classification or shelving scheme Library of Congress Classification
Koha item type Books
Suppress in OPAC No
999 ## -
-- 1879
-- 1879
Holdings
Withdrawn status Lost status Source of classification or shelving scheme Damaged status Not for loan Collection Home library Current library Shelving location Date acquired Total checkouts Full call number Barcode Date last seen Copy number Price effective from Koha item type
    Library of Congress Classification     Non-fiction Science Library (Miotso) Science Library (Miotso) General stacks 11/30/2024   QD476 .B4 BEN SLM00001122 11/30/2024 1 11/30/2024 Books
© 2023-2024 Copyright: Central University Libraries. All Rights Reserved | Created by: Mahone Tech Office